| 000 | 00896nam a22002417a 4500 | ||
|---|---|---|---|
| 005 | 20100813114618.0 | ||
| 008 | 081119t xxu||||| |||| 00| 0 ur d | ||
| 010 | _aUR-7702 | ||
| 020 | _c120.00 | ||
| 035 | _aU-6257 | ||
| 040 |
_aDPL _bUR |
||
| 082 | _a613.7046 | ||
| 100 |
_aقریشی۔ ایم- اے _911327 |
||
| 245 |
_a یوگاکی سائنس اور صحت اصول، ورزش اور علاج / _cایم- اے- قریشی |
||
| 246 |
_aYoga Ki Science Aur Sehat / _bby M. A. Quraisi |
||
| 260 |
_aشرن دت _c2008 |
||
| 270 | _aSharan Dutt | ||
| 300 |
_a263 ص _c22 س م (Hb) |
||
| 650 |
_aتاریخ _911328 |
||
| 650 |
_aIndian history _911329 |
||
| 942 |
_2ddc _cUR _h613.7046 _mس ر ن |
||
| 999 |
_c41533 _d41533 |
||